Buat Duit Dengan Lembu
| Main Author: | |
|---|---|
| Format: | Book |
| Published: |
Batu Caves, Selangor :
PTS Professional Publishing Sdn.Bhd. ,
2010
|
| Subjects: |
MARC
| LEADER | 00000cam a2200000 7i4500 | ||
|---|---|---|---|
| 001 | 0000095394 | ||
| 005 | 20120621.0 | ||
| 008 | 120621 bm | ||
| 020 | |a 9789675226267 | ||
| 090 | 0 | 0 | |a 636.213 JOH |
| 100 | 1 | |a Johar Seman | |
| 245 | 1 | 0 | |a Buat Duit Dengan Lembu |c Johar Seman |
| 260 | |a Batu Caves, Selangor : |b PTS Professional Publishing Sdn.Bhd. , |c 2010 | ||
| 300 | |a 130p. : |b ill. ; |c 19cm. | ||
| 650 | 0 | 0 | |a Beef cattle |
| 999 | |a 0000127702 |b Buku |c Rak Terbuka |e Perpustakaan Komuniti UTC Melaka | ||